000 00750pam a2200253 a 4500
001 2332704
003 Nust
005 20220830120729.0
008 820715t19831982nyuaf 000 1 eng
010 _a 82013481
020 _a9781853267345
_cRs. 236
038 _aArshad
040 _aDLC
_cDLC
_dDLC
050 0 0 _aPR4553
_b.H26 1983
082 0 0 _a823
_bDIC
100 1 _aDickens, Charles,
_d1812-1870.
_912180
245 1 4 _aThe complete ghost stories of Charles Dickens /
_cedited by Peter Haining.
260 _aNew York :
_bF. Watts,
_c1997
300 _a309 p.
_c23 cm.
650 0 _aGhost stories, English.
_vFiction
_912218
700 1 _aHaining, Peter.
_912219
906 _a7
_bcbc
_corignew
_d1
_eocip
_f19
_gy-gencatlg
942 _2ddc
_cBK
999 _c174578
_d174578